| 000 | 00492nam a2200181Ia 4500 | ||
|---|---|---|---|
| 008 | 180207s9999 xx 000 0 und d | ||
| 020 | _a9789129620566 | ||
| 050 | _bC678 1992 | ||
| 100 | _aCohen, Peter | ||
| 245 | _aMr. Bohm and the Herring / | ||
| 245 | _cPeter Cohen ; pictures of Olof Landstrom ; translated by Richard E. Fisher. | ||
| 260 | _aNew York : | ||
| 260 | _bR & S Books, | ||
| 260 | _c1992 | ||
| 300 | _aunpaged : | ||
| 300 | _bcolor illustration ; | ||
| 300 | _c22cm. | ||
| 999 |
_c355338 _d355338 |
||